| 000 | 00000nas##2200000za#4500 |
| 001 | 9.506451 |
| 003 | CaOODSP |
| 005 | 20210927150242 |
| 007 | cr ||||||||||| |
| 008 | 150406c2002||||xxc|| p o||||f| |0eng|d |
| 022 | |a1705-4702 |
| 040 | |aCaOODSP|beng |
| 043 | |an-cn--- |
| 086 | 1 |aR12-29E-PDF |
| 110 | 1 |aCanada. |bIndian and Northern Affairs Canada. |
| 245 | 10|aBuilding aboriginal and northern economies |h[electronic resource] |
| 260 | |aOttawa - Ontario : |bIndian and Northern Affairs |c2002--. |
| 310 | |aMonthly |
| 362 | 1 |aNo. 5 (Oct./Nov. 2002)-- |
| 500 | |aNo.1 (April 2000)-- |
| 500 | |aCeased publication with no. 8 (summer 2003)? |
| 690 | 07|aIndigenous peoples|2gcpds |
| 775 | 08|tBâtisseurs de l'économie autochtone et du Nord|w(CaOODSP)9.502847 |
| 776 | 0#|tBâtisseurs de l'économie autochtone et du Nord |w(CaOODSP)9.510741 |
| 776 | 0#|tBuilding Aboriginal and northern economies |w(CaOODSP)9.510740 |
| 780 | 00|tBuilding aboriginal economies |w(CaOODSP)9.506450 |